00883nam a2200241 a 45000010005000000030010000050050017000150080041000320200018000730400025000910800022001162450208001382500011003462600031003573000024003885040026004126500026004386500022004647000038004867000042005247000042005667000033006081313BR-CuiBMT20231204232245.0231204s2020 mtba 000 0 por d a9786555880441 aBR-CuiBMTcBR-CuiBMT 22007a94x(817.2)1 aCuiabá em enredos, tramas e paisagens : bhistória, cotidiano e sociedade /cAlexandra Lima da Silva... [et al.] ; Elizabeth Figueiredo de Sá, Nileide Souza Dourado, Renilson Rosa Ribeiro (orgs.).  a1. ed. aCuiabá :bEdUFMT,c2020. a570 p.:bil.c23 cm a Inclui bibliografia. aHistória zCuiabá aCultura cuiabana  4et al. aSilva, Alexandra Lima da 4org. aSá, Elizabeth Figueiredo de  4org. aDourado, Nileide Souza,b1955- 4org.aRibeiro, Renilson Rosa